Responses for Show #2536 - Monday, September 18, 1995

Len Krisak game 5.

Contestants

[<< previous game]

Albina Moran, an administrative assistant from Cleveland Heights, Ohio

Herb Metzler, an art handler from Evanston, Illinois

Len Krisak, an editor from Newton, Massachusetts (whose 4-day cash winnings total $43,399)

[next game >>]

Jeopardy! Round responses

SHAKESPEAREAN CHARACTERS
SONGS
COLORS
WORLD FACTS
FAMOUS FIRSTS
"A" IN HISTORY
    $100 1
Venice

Len
    $100 6
Yankee Doodle Dandy

Len
    $100 23
red

Albina
    $100 12
the Atlantic

Albina
    $100 16
the Dionne

Albina
    $100 7
Attila (the Hun)

Len
    $200 2
Cleopatra

Len
    $200 22
Diana Ross

Len
    $200 24
green

Len
    $200 13
Brazil

Albina
    $200 17
nylon

Herb
    $200 8
the Appian Way

Len
    $300 3
London

Len
    $300 26
Willie Nelson

Albina
    $300 25
browning

Len
    $300 14
the Gobi

Len
    $300 18
basketball

Len
    $300 9
Alexander the Great

Len
    $400 4
Macbeth

Len
    $400 29
Benny Goodman

Len
    $400 27
(Herb: What is banana?)

orange

HerbAlbina
    $1,000 15
Indonesia

Len
    $400 19
(Len: What is Esperansa?)

Esperanto

LenHerb
    $400 10
(Albina: What is Addis Ababa?)

Abyssinia

LenAlbina
    $500 5
Timon of Athens

Albina
    $500 30
(Len: Who is Bob Seger?)

Kenny Rogers

Len
Triple Stumper
    $500 28
blue

Len
    $500 21
(Len: What is Mesquite Coast?)

the Mosquito Coast

LenAlbina
    $500 20
(Herb: Who is the Edward VIII?)

George VI

HerbAlbina
    $500 11
[Applause for Len sweeping the category]

the Alhanbra

Len

Scores at the first commercial break (after clue 15):

Len Herb Albina
$3,900 $0 $400

Scores at the end of the Jeopardy! Round:

Len Herb Albina
$4,400 -$300 $2,300

Double Jeopardy! Round responses

PRIME MINISTERS
SCIENCE & NATURE
1994 OBITS
ART
WINE & CHEESE
THEATRE
    $200 11
Indira Gandhi

Len
    $200 18
relativity

Herb
    $200 16
Nixon

Herb
    $200 2
a horse

Len
    $200 1
(Len: What is A Boudoir?)
[It is difficult to know if that is what Len said or not.]

Driving Miss Daisy

LenAlbina
    $400 12
Pierre Trudeau

Len
    $400 22
capillaries

Herb
    $400 17
Burt Lancaster

Len
    $400 3
Picasso

Herb
    $400 7
kabuki

Herb
    $600 13
New Zealand

Albina
    $600 26
the eucalyptus

Albina
    $600 19
(Len: Who is Rose Kennedy?)
(Albina: Uh, who is Carter?)

Virginia Kelley

LenAlbina
Triple Stumper
    $600 4
Luther

Albina
    $600 8
(Herb: What is Sacramento?)
[NOTE: Alex read "ACT" as American Conservatory Theater.]

San Francisco

HerbAlbina
    $800 14
Singapore

Len
    $800 24
a mayfly

Herb
    $2,000 20
(Herb: Who is Babe Didrikson?)
...
(Alex: We've got about a minute to go, Herb.)

Wilma Rudolph

Herb
    $800 5
the Annunciation

Herb
    $800 25
port

Albina
    $1,700 9
(Albina: [Looks upward and mutters] I'm drawing a blank. Um... [*]. Who is [*]?)
(Alex: Yeah, that's a pretty good guess; if you're thinking of a Southerner who wrote plays and you don't know, it's a good idea to come up with him.)

Tennessee Williams

Albina
    $1000 15
Olof Palme

Len
    $1000 23
Herschel

Albina
    $1000 21
(Len: Who is Richard Wright?)

Ralph Ellison

LenHerb
    $1000 6
(Len: What is circulation of the blood?)

anatomy

LenHerb
    $1000 27
[The end-of-round signal sounds.]

Germany

Len
    $1000 10
(George Bernard) Shaw

Herb

Scores at the end of the Double Jeopardy! Round:

Len Herb Albina
$5,600 $3,300 $7,800

[wagering suggestions for these scores]

Final Jeopardy! Round responses

WORLD WAR II
HerbWhat was the USS Missouri
$3,299
LenWhat is the Missouri?
$5,599
AlbinaWhat is the Missouri?
$4,000
USS Missouri

Final scores:

Len Herb Albina
$11,199 $6,599 $11,800
2nd place: Broyhill Fontana living room set & Dale Tiffany lamp + Jeopardy! home game & Jeopardy! Sports Edition for home computer or Super Nintendo 3rd place: Samsung 27" TV + Jeopardy! home game & Jeopardy! Sports Edition for home computer or Super Nintendo New champion: $11,800

Game dynamics:

Coryat scores:

Len Herb Albina
$5,000 $5,300 $6,900
25 R
(including 1 DD),
7 W
12 R,
4 W
(including 1 DD)
17 R
(including 1 DD),
2 W

Combined Coryat: $17,200

[game clues] [game scores] [suggest correction]

Game tape date: Unknown
The J! Archive is created by fans, for fans. Scraping, republication, monetization, and malicious use prohibited; this site may use cookies and collect identifying information. See terms. The Jeopardy! game show and all elements thereof, including but not limited to copyright and trademark thereto, are the property of Jeopardy Productions, Inc. and are protected under law. This website is not affiliated with, sponsored by, or operated by Jeopardy Productions, Inc. Join the discussion at JBoard.tv.